| 000 | 00566nam a2200205Ia 4500 | ||
|---|---|---|---|
| 003 | GCL | ||
| 008 | 140319s9999 xx 000 0 eng d | ||
| 020 | _a0632044896 | ||
| 040 |
_aGCL / _cGCL |
||
| 082 | 0 | 4 |
_a618 _bC B |
| 100 | 1 | _aCALLAHAN, TAMARA L. | |
| 245 | 1 | 0 |
_aBLUEPRINTS IN OBSTETRICS & GYNECOLOGY / _cCALLAHAN, TAMARA L. |
| 700 | 1 | _aCAUGHEY, AARON B . | |
| 260 |
_aنيويورك : _bBLACK WELL PUBLISHERS ، _c2001 |
||
| 300 |
_a24 CM ؛ _c307 P |
||
| 650 | 0 | 4 | _aGYNECOLOGY |
| 650 | 0 | 4 | _aOBSTETRICS |
| 650 | 0 | 4 | _aOBSTETRICS - SURGERY |
| 942 |
_2ddc _cBK |
||
| 999 |
_c7456 _d7456 |
||